[Event "ROM-ch U10"]
[Site "Calimanesti Caciulata"]
[Date "2019.04.21"]
[Round "8"]
[White "Barbieru, Alexie"]
[Black "Burcea, Andrei"]
[Result "0-1"]
[WhiteElo "1208"]
[BlackElo "1098"]
[PlyCount "128"]
[EventDate "2019.04.15"]
[EventType "swiss"]
[EventRounds "9"]
[EventCountry "ROU"]
[SourceTitle "CBM 190 Extra"]
[Source "ChessBase"]
[SourceDate "2019.07.15"]
[SourceVersion "1"]
[SourceVersionDate "2019.07.15"]
[SourceQuality "1"]

1. d4 d5 2. c4 e6 3. Nc3 c5 4. Nf3 Nc6 5. e3 cxd4 6. exd4 Bb4 7. Bd2 dxc4 8. Bxc4 Nxd4 9. Nxd4 Qxd4 10. Qa4+ Bd7 11. Qxb4 Qe5+ 12. Be2 Bc6 13. 0-0 Ne7 14. Bb5 Qc7 15. Bxc6+ Nxc6 16. Qb3 0-0 17. Rac1 Qd7 18. Rfd1 Qe7 19. Be3 Rac8 20. Nb5 a6 21. Bc5 Qg5 22. Bxf8 Rxf8 23. Nd6 Nd4 24. Qe3 Qxe3 25. fxe3 Ne2+ 26. Kf2 Nxc1 27. Rxc1 Rb8 28. Rc7 Rd8 29. Rc8 Rxc8 30. Nxc8 Kf8 31. Kf3 b5 32. Ke4 Ke8 33. Nd6+ Ke7 34. Nc8+ Kd7 35. Nb6+ Kc6 36. Nc8 Kd7 37. Na7 Kc7 38. Kd4 Kb6 39. Nc8+ Kc7 40. Na7 Kb6 41. Nc8+ Kc7 42. Ne7 Kd6 43. Ng8 Kc7 44. Ne7 Kd6 45. Ng8 f5 46. g3 e5+ 47. Kc3 a5 48. h4 Ke6 49. b4 a4 50. Kd3 Kf7 51. e4 f4 52. gxf4 exf4 53. e5 Kxg8 54. Ke4 Kf7 55. Kxf4 h6 56. h5 g6 57. hxg6+ Kxg6 58. a3 h5 59. e6 Kf6 60. e7 Kxe7 61. Kg5 Kd6 62. Kxh5 Kd5 63. Kg5 Kc4 64. Kf5 Kb3 0-1

[Event "ROM-ch U08"]
[Site "Calimanesti Caciulata"]
[Date "2016.04.22"]
[Round "6"]
[White "Cretu, Luca Mihai"]
[Black "Barbieru, Alexie"]
[Result "1-0"]
[WhiteElo "1090"]
[BlackElo "1001"]
[PlyCount "54"]
[EventDate "2016.04.18"]
[EventType "swiss"]
[EventRounds "9"]
[EventCountry "ROU"]
[SourceTitle "CBM 172 Extra"]
[Source "ChessBase"]
[SourceDate "2016.06.21"]
[SourceVersion "1"]
[SourceVersionDate "2016.06.21"]
[SourceQuality "1"]

1. d4 e6 2. Nf3 Bb4+ 3. c3 Nf6 4. cxb4 Ne4 5. Nbd2 Nxd2 6. Bxd2 0-0 7. e3 Nc6 8. a3 b5 9. Bxb5 Ne7 10. 0-0 Rb8 11. Bd3 Rb6 12. Qc2 g6 13. Qb3 Bb7 14. Be2 Bd5 15. Qd3 e5 16. Nxe5 Nf5 17. Bf3 Bxf3 18. Nxf3 g5 19. Qxf5 Rh6 20. Qxg5+ Qxg5 21. Nxg5 f6 22. Nf3 Re8 23. Rac1 Rf8 24. Rxc7 Rf7 25. Rxa7 Rg6 26. b5 Rfg7 27. g3 h5 1-0

[Event "ROM-ch U08"]
[Site "Calimanesti Caciulata"]
[Date "2016.04.19"]
[Round "2"]
[White "Scanteie, Ioachim"]
[Black "Barbieru, Alexie"]
[Result "0-1"]
[WhiteElo "1001"]
[BlackElo "1001"]
[PlyCount "39"]
[EventDate "2016.04.18"]
[EventType "swiss"]
[EventRounds "9"]
[EventCountry "ROU"]
[SourceTitle "CBM 172 Extra"]
[Source "ChessBase"]
[SourceDate "2016.06.21"]
[SourceVersion "1"]
[SourceVersionDate "2016.06.21"]
[SourceQuality "1"]

1. c4 Nc6 2. Nc3 d6 3. g3 Nb4 4. Bg2 Bf5 5. Nf3 Bc2 6. Qxc2 Nxc2+ 7. Kd1 Nxa1 8. b3 Qd7 9. Bb2 Nxb3 10. axb3 0-0-0 11. Ng1 Nf6 12. Bh3 e6 13. e4 Qc6 14. d3 h5 15. Nf3 Ng4 16. Bxg4 hxg4 17. Nd4 Qd7 18. h4 gxh3 19. Nf3 f5 20. d4 0-1